Statistics for Harry Potter Characters

Click here to take the quiz!

General Stats

  • This quiz has been taken 348 times
  • The average score is 10 of 12

Answer Stats

HintAnswer% Correct
Round glasses, Lightning scar.Harry Potter
99%
Loves books, Very smart, Frizzy hair.Hermione
98%
Ginger hair, does NOT like spiders, snores very loudly.Ron Weasley
98%
Youngest and the only girl in this ginger haired family.Ginny Weasley
97%
Has a slity nose and known as the "He Who Must Not Be Named"Voldemort
96%
Three headed dog that guards a trap door.Fluffy
95%
Long beard, half moon glasses, Owns Fawkes, Headmaster of HogwartsDumbledore
94%
Half-giant that lives in a hut at the edge of the Forbidden ForestHagrid
94%
Ginger haired twins that always cause trouble.Fred and George Weasley
89%
Light Blonde hair, Absent minded.Luna Lovegood
86%
Very uptight, teaches Transfiguration, head of Gryffindor house.Professor McGonagal
44%
Potions Master at Hogwarts, the head of Slytherin House.Professor Snape
44%

Score Distribution

Percentile by Number Answered

Percent of People with Each Score

Your Score History

You have not taken this quiz